Monster High by emojis - Statistics

General Stats
  • This quiz has been taken 86 times
  • The average score is 20 of 26
Answer Stats
Hint Character % Correct
πŸΊπŸŒ•β€οΈπŸ§›πŸ»β€β™€οΈ Clawd Wolf
97%
πŸ’³πŸ’ŽπŸ§»πŸ’› Cleo de Nile
97%
πŸ©·πŸ–€πŸ§›πŸ»β€β™€οΈπŸ©Έ Draculaura
95%
β„οΈπŸ—»πŸ¦·πŸŒ¬οΈ Abbey Bominable
92%
βš‘οΈπŸ’€πŸ”©πŸ«³πŸ» Frankie Stein
92%
πŸŸπŸŒŠπŸŒΈπŸŠπŸ»β€β™€οΈ Lagoona Blue
91%
πŸΉπŸ’˜πŸ’‹πŸ’Œ C.A. Cupid
86%
πŸπŸ•ΆοΈπŸ—ΏπŸ Deuce Gorgon
85%
πŸ§Ÿβ€β™€οΈπŸ‘“πŸ“šπŸ¦‰ Ghoulia Yelps
85%
πŸŽ€πŸ‘©πŸ»β€πŸŽ€πŸˆβ€β¬›πŸ—½ Catty Noir
78%
🐟🏊🌊🫧 Gil Webber
77%
🌱🌺πŸͺ΄πŸ©· Venus McFlytrap
77%
πŸ‘»πŸ“±πŸ’œβ›“οΈ Spectra Vondergeist
76%
πŸΊπŸΎπŸ’œπŸ“’ Clawdeen Wolf
74%
πŸ€–βš™οΈπŸš€πŸ›Ό Robecca Steam
74%
πŸ•·οΈπŸŽΉπŸ•ΈοΈβ€οΈ Operetta
72%
πŸ²πŸ‰πŸ”₯⛩️ Jinafire Long
70%
πŸ”₯πŸŽ΅πŸŽ§πŸ’™ Holt Hyde
69%
πŸΊπŸΎπŸ©·πŸ¦” Howleen Wolf
68%
πŸ’³πŸπŸ©΅πŸ§» Nefera de Nile
68%
🐱😈🧑🧢 Toralei Stripe
68%
πŸ§žβ€β™€οΈβš±οΈπŸ™πŸ¦‚ Gigi Grant
65%
πŸ™β€β™‚οΈπŸ‘“πŸ“šπŸ’› Jackson Jekyll
64%
πŸ©ΆπŸ©΅πŸ©·πŸ‡«πŸ‡· Rochelle Goyle
58%
πŸ’€πŸ¦΄πŸ¬πŸ‡²πŸ‡½ Skelita Calaveras
57%
πŸ§›πŸ»β€β™€οΈπŸ–€πŸ’œπŸŽ­ Elissabat
55%
No matching quizzes found
Score Distribution
Percent of People with Each Score
Percentile by Number Answered
Your Score History
You have not taken this quiz